[Event "Napoli Spring Cup 1st"]
[Site "Napoli"]
[Date "2017.03.23"]
[Round "3"]
[White "Spano, Angelo Salvatore"]
[Black "Castellano, Riccardo"]
[Result "0-1"]
[WhiteElo "1086"]
[BlackElo "1735"]
[PlyCount "32"]
[EventDate "2017.03.09"]
[EventType "swiss"]
[EventRounds "6"]
[EventCountry "ITA"]
[SourceTitle "EXT 2018"]
[Source "ChessBase"]
[SourceDate "2017.10.13"]
[SourceVersion "1"]
[SourceVersionDate "2017.10.13"]
[SourceQuality "1"]

1. e4 c5 2. Nc3 g6 3. Nf3 Bg7 4. d4 cxd4 5. Nxd4 Nc6 6. Bb5 Nxd4 7. Be3 Nxb5 8. Nxb5 Bxb2 9. Rb1 Qa5+ 10. Bd2 Qxb5 11. Bc3 Bxc3+ 12. Qd2 Bxd2+ 13. Kxd2 Qg5+ 14. Kd3 b6 15. Kd4 Ba6 16. g3 Qd2+ 0-1

[Event "Napoli Trofeo Caissa 2nd"]
[Site "Napoli"]
[Date "2016.12.22"]
[Round "7"]
[White "Esposito, Marco"]
[Black "Spano, Angelo Salvatore"]
[Result "1-0"]
[WhiteElo "1520"]
[BlackElo "1102"]
[PlyCount "63"]
[EventDate "2016.11.03"]
[EventType "swiss"]
[EventRounds "7"]
[EventCountry "ITA"]
[SourceTitle "EXT 2018"]
[Source "ChessBase"]
[SourceDate "2017.10.13"]
[SourceVersion "1"]
[SourceVersionDate "2017.10.13"]
[SourceQuality "1"]

1. c4 e6 2. e3 d5 3. cxd5 exd5 4. Nf3 Nf6 5. Qc2 Nc6 6. a3 h6 7. Nc3 a6 8. b3 Be7 9. Bd3 0-0 10. Bb2 Bg4 11. Ne2 b5 12. Qxc6 Bxf3 13. gxf3 Bd6 14. Ng3 Qd7 15. Qxd7 Nxd7 16. f4 Nc5 17. Bc2 Rfe8 18. 0-0-0 Ne4 19. Nxe4 dxe4 20. Rhg1 g6 21. d3 exd3 22. Bxd3 Kh7 23. h4 h5 24. f5 Rg8 25. fxg6+ fxg6 26. Rg2 Be7 27. Be4 Rad8 28. Rdg1 Bxh4 29. Rxg6 Rxg6 30. Rxg6 Bxf2 31. Rd6+ Kg8 32. Rxd8+ 1-0

[Event "Napoli Province-ch"]
[Site "Napoli"]
[Date "2016.04.09"]
[Round "6"]
[White "Spano, Angelo Salvatore"]
[Black "Freda, Guido"]
[Result "0-1"]
[WhiteElo "1147"]
[BlackElo "1551"]
[PlyCount "60"]
[EventDate "2016.02.25"]
[EventType "swiss"]
[EventRounds "7"]
[EventCountry "ITA"]
[SourceTitle "EXT 2018"]
[Source "ChessBase"]
[SourceDate "2017.10.13"]
[SourceVersion "1"]
[SourceVersionDate "2017.10.13"]
[SourceQuality "1"]

1. e4 c5 2. Nf3 d6 3. Bb5+ Bd7 4. Nc3 Nf6 5. d4 cxd4 6. Bxd7+ Nbxd7 7. Nxd4 a6 8. Bg5 e6 9. 0-0 Be7 10. Qd2 0-0 11. Rfe1 Qb6 12. b3 Rfe8 13. Nf3 e5 14. Bxf6 Nxf6 15. Nd5 Nxd5 16. exd5 h6 17. Re4 f5 18. Rb4 Qc7 19. Rc4 Qd7 20. Re1 Bf6 21. Re2 b5 22. Rc3 e4 23. Nd4 Bg5 24. Qd1 Bf6 25. Qd2 Qf7 26. Rce3 Bg5 27. Ne6 Bxe3 28. Rxe3 Rac8 29. Qb4 Rxc2 30. Qxd6 Rc1+ 0-1

[Event "Napoli Sociale op"]
[Site "Napoli"]
[Date "2015.06.25"]
[Round "4"]
[White "Esposito, Luigi"]
[Black "Spano, Angelo Salvatore"]
[Result "0-1"]
[WhiteElo "1350"]
[BlackElo "1419"]
[PlyCount "78"]
[EventDate "2015.06.04"]
[EventType "swiss"]
[EventRounds "7"]
[EventCountry "ITA"]
[SourceTitle "EXT 2017"]
[Source "ChessBase"]
[SourceDate "2016.10.25"]
[SourceVersion "1"]
[SourceVersionDate "2016.10.25"]
[SourceQuality "1"]

1. e4 g6 2. d4 Bg7 3. Nc3 b6 4. Nf3 Bb7 5. Bd3 e6 6. Be3 Ne7 7. Qd2 h6 8. 0-0 d6 9. Ne2 d5 10. e5 Nd7 11. h3 Nf5 12. Bf4 g5 13. Bh2 c5 14. c3 cxd4 15. cxd4 0-0 16. Rac1 Rc8 17. Rxc8 Qxc8 18. Rc1 Qb8 19. Ng3 Rc8 20. Nxf5 Rxc1+ 21. Qxc1 exf5 22. Bxf5 Qe8 23. Qc7 Bc8 24. Qxa7 f6 25. e6 Nf8 26. e7 Bxf5 27. exf8Q+ Qxf8 28. Qxb6 Be4 29. Nd2 Qc8 30. Nb3 Qc2 31. f3 Bd3 32. Qd8+ Kh7 33. Qxd5 Qxb2 34. Nc5 Qc1+ 35. Kf2 Qd2+ 36. Kg3 Qf4+ 37. Kf2 Qd2+ 38. Kg3 Qe1+ 39. Kg4 Qh4# 0-1

[Event "Napoli Sociale op"]
[Site "Napoli"]
[Date "2015.06.15"]
[Round "3"]
[White "Spano, Angelo Salvatore"]
[Black "Pellegrino, Carlo"]
[Result "0-1"]
[WhiteElo "1419"]
[BlackElo "1542"]
[PlyCount "86"]
[EventDate "2015.06.04"]
[EventType "swiss"]
[EventRounds "7"]
[EventCountry "ITA"]
[SourceTitle "EXT 2017"]
[Source "ChessBase"]
[SourceDate "2016.10.25"]
[SourceVersion "1"]
[SourceVersionDate "2016.10.25"]
[SourceQuality "1"]

1. e4 c5 2. Nf3 e6 3. Nc3 g6 4. d3 Nc6 5. a3 Bg7 6. Bd2 Nge7 7. Be2 0-0 8. 0-0 d6 9. Be3 Nd4 10. Rb1 b6 11. Nd2 Nxe2+ 12. Qxe2 d5 13. Nb3 d4 14. Bxd4 cxd4 15. Nd1 Qc7 16. Rc1 Bh6 17. Nd2 Qf4 18. Nb3 Qe5 19. Rb1 Bb7 20. c3 Nc6 21. f3 f5 22. Kh1 Rf7 23. cxd4 Nxd4 24. Nxd4 Qxd4 25. exf5 exf5 26. Qc2 Re7 27. Nf2 Rae8 28. Qb3+ Kf8 29. h3 Bd5 30. Qc2 Re2 31. Qc3 Qh4 32. Qb4+ Qxb4 33. axb4 Bg7 34. Ra1 Rxb2 35. Rxa7 Ree2 36. Rc1 Rbc2 37. Rxc2 Rxc2 38. Rd7 Rc1+ 39. Kh2 Be5+ 40. g3 Bxf3 41. Rxh7 Bd4 42. h4 Bxf2 43. Rh8+ Kg7 0-1